[Event "NED-chT 2223"]
[Site "Netherlands"]
[Date "2023.02.11"]
[Round "6.7"]
[White "Van de Oudeweetering, Arthur"]
[Black "Hilwerda, Jonas"]
[Result "1/2-1/2"]
[WhiteElo "2277"]
[BlackElo "2289"]
[PlyCount "51"]
[EventDate "2022.09.17"]
[EventType "team-tourn"]
[EventRounds "9"]
[EventCountry "NED"]
[SourceTitle "CBM 213 Extra"]
[Source "ChessBase"]
[SourceDate "2023.05.31"]
[SourceVersion "1"]
[SourceVersionDate "2023.05.31"]
[SourceQuality "1"]
[WhiteTeam "Apeldoorn Amevo"]
[BlackTeam "Groningen Combinatie"]
[WhiteTeamCountry "NED"]
[BlackTeamCountry "NED"]

1. e4 c5 2. c3 d5 3. exd5 Qxd5 4. d4 Nf6 5. Nf3 e6 6. Na3 Nc6 7. Be2 cxd4 8. Nb5 Qd8 9. Nbxd4 Nxd4 10. Qxd4 Qxd4 11. Nxd4 Bd6 12. 0-0 a6 13. Rd1 Bc7 14. c4 Bd7 15. b3 0-0-0 16. Bb2 Ne4 17. Bd3 Nc5 18. Bc2 Be5 19. Rab1 Bf6 20. Ba1 Be8 21. Kf1 Nd7 22. Be4 Ne5 23. Ke2 Kc7 24. f3 h5 25. f4 Nc6 26. Nxc6 1/2-1/2

[Event "NED-chT 2223"]
[Site "Netherlands"]
[Date "2022.11.26"]
[Round "4.8"]
[White "Van de Oudeweetering, Arthur"]
[Black "Baselmans, Sam"]
[Result "1/2-1/2"]
[WhiteElo "2277"]
[BlackElo "2203"]
[PlyCount "42"]
[EventDate "2022.09.17"]
[EventType "team-tourn"]
[EventRounds "9"]
[EventCountry "NED"]
[SourceTitle "CBM 213 Extra"]
[Source "ChessBase"]
[SourceDate "2023.05.31"]
[SourceVersion "1"]
[SourceVersionDate "2023.05.31"]
[SourceQuality "1"]
[WhiteTeam "Apeldoorn Amevo"]
[BlackTeam "De Stukkenjagers"]
[WhiteTeamCountry "NED"]
[BlackTeamCountry "NED"]

1. e4 e5 2. Nf3 Nc6 3. Nc3 Nf6 4. h3 h6 5. a3 g6 6. d4 exd4 7. Nxd4 Qe7 8. Nxc6 bxc6 9. Bd3 Bg7 10. 0-0 0-0 11. Bf4 d5 12. Re1 Be6 13. exd5 cxd5 14. Be5 c6 15. Ne2 Nh5 16. Bxg7 Nxg7 17. Qd2 Kh7 18. Nf4 Qg5 19. Re2 Bf5 20. Rae1 Qf6 21. c3 Rfe8 1/2-1/2

[Event "NED-chT 2122"]
[Site "Netherlands"]
[Date "2022.05.21"]
[Round "5.7"]
[White "Van de Oudeweetering, Arthur"]
[Black "Roos, Adrian"]
[Result "1/2-1/2"]
[WhiteElo "2276"]
[BlackElo "2315"]
[PlyCount "39"]
[EventDate "2021.09.18"]
[EventType "team-tourn"]
[EventRounds "9"]
[EventCountry "NED"]
[SourceTitle "EXT 2023"]
[Source "ChessBase"]
[SourceDate "2022.10.05"]
[SourceVersion "1"]
[SourceVersionDate "2022.10.05"]
[SourceQuality "1"]
[WhiteTeam "Apeldoorn Amevo"]
[BlackTeam "Sas van Gent"]
[WhiteTeamCountry "NED"]
[BlackTeamCountry "NED"]

1. e4 c5 2. c3 Nf6 3. e5 Nd5 4. Nf3 e6 5. d4 cxd4 6. cxd4 d6 7. Bc4 Nb6 8. Bb3 dxe5 9. Nxe5 Nc6 10. Nf3 Be7 11. Nc3 Bf6 12. Be3 Na5 13. Bc2 Nac4 14. Bc1 Bd7 15. 0-0 Bc6 16. Ne4 Be7 17. Re1 Nd5 18. Qe2 Nd6 19. Ne5 0-0 20. Nxc6 1/2-1/2

[Event "NED-chT 1920"]
[Site "Netherlands"]
[Date "2020.03.07"]
[Round "6.10"]
[White "De Boer, Eelke"]
[Black "Van de Oudeweetering, Arthur"]
[Result "1-0"]
[WhiteElo "2310"]
[BlackElo "2287"]
[PlyCount "67"]
[EventDate "2019.09.28"]
[EventType "team-tourn"]
[EventRounds "9"]
[EventCountry "NED"]
[SourceTitle "CBM 195 Extra"]
[Source "ChessBase"]
[SourceDate "2020.05.31"]
[SourceVersion "1"]
[SourceVersionDate "2020.05.31"]
[SourceQuality "1"]
[WhiteTeam "Groningen Combinatie"]
[BlackTeam "Apeldoorn MuConsult"]
[WhiteTeamCountry "NED"]
[BlackTeamCountry "NED"]

1. e4 e5 2. Nf3 Nc6 3. Bb5 Nf6 4. 0-0 a6 5. Ba4 b5 6. Bb3 Bb7 7. a4 Be7 8. d3 0-0 9. Nc3 Na5 10. Ba2 b4 11. Ne2 d5 12. Nxe5 dxe4 13. d4 c5 14. Bf4 Qb6 15. dxc5 Qxc5 16. Nd7 Nxd7 17. Qxd7 Rad8 18. Qc7 Rc8 19. Qxc5 Rxc5 20. Nd4 Nc4 21. Bxc4 Rxc4 22. Nf5 Re8 23. Rad1 Bf8 24. Ne3 Rc5 25. Bd6 Bxd6 26. Rxd6 Bc6 27. b3 g6 28. Rfd1 f5 29. g3 Kf7 30. R6d4 a5 31. Rc4 Ree5 32. Rd6 Rxc4 33. Nxc4 Rc5 34. Rxc6 1-0

[Event "NED-chT 1920"]
[Site "Netherlands"]
[Date "2019.11.23"]
[Round "3.9"]
[White "Cardon, Helmut"]
[Black "Van de Oudeweetering, Arthur"]
[Result "1-0"]
[WhiteElo "2394"]
[BlackElo "2287"]
[PlyCount "115"]
[EventDate "2019.09.28"]
[EventType "team-tourn"]
[EventRounds "9"]
[EventCountry "NED"]
[SourceTitle "CBM 193 Extra"]
[Source "ChessBase"]
[SourceDate "2020.01.31"]
[SourceVersion "1"]
[SourceVersionDate "2020.01.31"]
[SourceQuality "1"]
[WhiteTeam "Sas van Gent"]
[BlackTeam "Apeldoorn MuConsult"]
[WhiteTeamCountry "NED"]
[BlackTeamCountry "NED"]

1. d4 d5 2. c4 c6 3. Nf3 Nf6 4. e3 e6 5. Nbd2 c5 6. b3 Nc6 7. Bb2 cxd4 8. exd4 dxc4 9. bxc4 Be7 10. Be2 0-0 11. 0-0 b6 12. Bd3 Bb7 13. Qe2 Qc7 14. Rac1 Rad8 15. Rfd1 Qf4 16. Qe3 Qxe3 17. fxe3 Ng4 18. Nf1 f5 19. h3 Nf6 20. Ng5 Bc8 21. Bb1 h6 22. Nf3 Ba6 23. a3 Na5 24. Ba2 Rc8 25. Ne5 Rfe8 26. Nd2 Bd6 27. Ndf3 Rc7 28. Rc2 g5 29. g4 fxg4 30. hxg4 Nd7 31. Nxd7 Rxd7 32. c5 bxc5 33. dxc5 Bh2+ 34. Kxh2 Rxd1 35. c6 Bd3 36. Rc5 Be4 37. Rxa5 Bxf3 38. c7 Rd2+ 39. Kg3 Rxb2 40. Bxe6+ Kf8 41. Kxf3 Rc2 42. c8Q Rexc8 43. Bxc8 Rxc8 44. Rxa7 Rc4 45. a4 h5 46. gxh5 g4+ 47. Kg3 Re4 48. a5 Rxe3+ 49. Kxg4 Re5 50. h6 Kg8 51. Rg7+ Kh8 52. Rg5 Re6 53. Kf5 Rxh6 54. Ke5 Rh1 55. Kd6 Kh7 56. Kc6 Kh6 57. Rg4 Ra1 58. Kb5 1-0

[Event "NED-chT 1718"]
[Site "Netherlands"]
[Date "2017.12.16"]
[Round "5.8"]
[White "Stillger, Bernhard"]
[Black "Van de Oudeweetering, Arthur"]
[Result "1/2-1/2"]
[WhiteElo "2322"]
[BlackElo "2294"]
[PlyCount "40"]
[EventDate "2017.09.16"]
[EventType "team-tourn"]
[EventRounds "9"]
[EventCountry "NED"]
[SourceTitle "EXT 2019"]
[Source "ChessBase"]
[SourceDate "2018.10.10"]
[SourceVersion "1"]
[SourceVersionDate "2018.10.10"]
[SourceQuality "1"]
[WhiteTeam "Voerendaal"]
[BlackTeam "Apeldoorn"]
[WhiteTeamCountry "NED"]
[BlackTeamCountry "NED"]

1. d4 d5 2. Bf4 Nf6 3. e3 c5 4. c3 Nc6 5. Nd2 e6 6. Ngf3 Bd6 7. Bg3 0-0 8. Bd3 Qe7 9. Ne5 Nd7 10. Nxd7 Qxd7 11. dxc5 Bxc5 12. Nf3 Qe7 13. 0-0 e5 14. e4 dxe4 15. Bxe4 f6 16. Re1 Be6 17. Qa4 Rad8 18. Rad1 Rxd1 19. Rxd1 Rd8 20. h4 Rxd1+ 1/2-1/2

[Event "NED-chT 1718"]
[Site "Netherlands"]
[Date "2017.09.23"]
[Round "2.5"]
[White "Van de Oudeweetering, Arthur"]
[Black "Martens, Martin"]
[Result "1/2-1/2"]
[WhiteElo "2294"]
[BlackElo "2399"]
[PlyCount "40"]
[EventDate "2017.09.16"]
[EventType "team-tourn"]
[EventRounds "9"]
[EventCountry "NED"]
[SourceTitle "EXT 2019"]
[Source "ChessBase"]
[SourceDate "2018.10.10"]
[SourceVersion "1"]
[SourceVersionDate "2018.10.10"]
[SourceQuality "1"]
[WhiteTeam "Apeldoorn"]
[BlackTeam "Rotterdam Pathena"]
[WhiteTeamCountry "NED"]
[BlackTeamCountry "NED"]

1. e4 c5 2. c3 d5 3. exd5 Qxd5 4. d4 Nf6 5. Nf3 e6 6. Be3 cxd4 7. cxd4 Bb4+ 8. Nc3 0-0 9. Bd3 b6 10. 0-0 Bxc3 11. bxc3 Ba6 12. Bxa6 Nxa6 13. Qa4 Nb8 14. c4 Qd7 15. Qb3 Nc6 16. Rfd1 Na5 17. Qb4 Nc6 18. Qb3 Na5 19. Qb4 Nc6 20. Qb3 Na5 1/2-1/2

[Event "PRO League Central"]
[Site "Chess.com INT"]
[Date "2017.02.01"]
[Round "4"]
[White "Van de Oudeweetering, Arthur"]
[Black "Delaney, Killian"]
[Result "1/2-1/2"]
[WhiteElo "2298"]
[BlackElo "2230"]
[PlyCount "127"]
[EventDate "2017.01.11"]
[EventType "team-swiss (rapid)"]
[EventRounds "7"]
[EventCountry "USA"]
[SourceTitle "CBM 176 Extra"]
[Source "ChessBase"]
[SourceDate "2017.03.02"]
[SourceVersion "1"]
[SourceVersionDate "2017.03.02"]
[SourceQuality "1"]
[WhiteTeam "Apeldoorn Apes"]
[BlackTeam "Dublin Desperados"]
[WhiteTeamCountry "NED"]
[BlackTeamCountry "IRQ"]

1. e4 c5 2. c3 Nf6 3. e5 Nd5 4. Nf3 Nc6 5. Bc4 Nb6 6. Bb3 d5 7. exd6 Qxd6 8. 0-0 c4 9. Bc2 Bg4 10. Re1 0-0-0 11. b3 Ne5 12. Rxe5 Bxf3 13. Qe1 Bc6 14. Na3 cxb3 15. axb3 f6 16. Re2 e5 17. Be4 Kb8 18. c4 a6 19. Nc2 Bxe4 20. Rxe4 Qd3 21. Na3 Bb4 22. Re3 Bxd2 23. Bxd2 Qxd2 24. Qb1 Rd4 25. g3 Rhd8 26. Qxh7 Qb2 27. Ree1 Rd2 28. Qf5 Nc8 29. c5 Ne7 30. Qf3 R8d3 31. Qg2 Qxb3 32. h4 Rd1 33. Rexd1 Rxd1+ 34. Rxd1 Qxd1+ 35. Qf1 Qxf1+ 36. Kxf1 Kc7 37. Nc4 Kc6 38. Na5+ Kxc5 39. Nxb7+ Kc6 40. Nd8+ Kd7 41. Nb7 Kc7 42. Nc5 Kb6 43. Ne6 g6 44. g4 a5 45. Ke1 a4 46. Kd2 Kc6 47. h5 gxh5 48. gxh5 Ng8 49. Kc3 Kd5 50. Ng7 Ke4 51. Kb4 Kf3 52. Ne8 f5 53. Nd6 f4 54. Nf7 Ke4 55. h6 Nxh6 56. Nxh6 Kd3 57. Nf7 e4 58. Ng5 f3 59. Kxa4 e3 60. Nxf3 exf2 61. Nh2 Ke3 62. Kb3 Kf4 63. Kc3 f1Q 64. Nxf1 1/2-1/2

[Event "NED-chT 1617"]
[Site "Netherlands"]
[Date "2016.09.17"]
[Round "1.8"]
[White "Kerkvliet, Maximiliaan"]
[Black "Van de Oudeweetering, Arthur"]
[Result "0-1"]
[WhiteElo "2202"]
[BlackElo "2292"]
[PlyCount "84"]
[EventDate "2016.09.17"]
[EventType "team-tourn"]
[EventRounds "9"]
[EventCountry "NED"]
[SourceTitle "CBM 174 Extra"]
[Source "ChessBase"]
[SourceDate "2016.10.10"]
[SourceVersion "1"]
[SourceVersionDate "2016.10.10"]
[SourceQuality "1"]
[WhiteTeam "Kennemer Combinatie"]
[BlackTeam "Apeldoorn"]
[WhiteTeamCountry "NED"]
[BlackTeamCountry "NED"]

1. d4 d5 2. Nf3 Nf6 3. c4 c6 4. Nc3 e6 5. Bg5 dxc4 6. a4 Bb4 7. Qc2 Nbd7 8. e4 h6 9. Bxf6 Qxf6 10. Bxc4 c5 11. d5 exd5 12. Bxd5 Nb6 13. 0-0 Bxc3 14. Qxc3 Qxc3 15. bxc3 0-0 16. a5 Nxd5 17. exd5 Bf5 18. Rfe1 Rfe8 19. Nd2 Kf8 20. f3 b5 21. Nb3 Rad8 22. Rxe8+ Rxe8 23. g4 c4 24. Nc5 Rc8 25. Nb7 Rc7 26. a6 Bc8 27. Nd6 Rc5 28. Nxc8 Rxc8 29. Kf2 Ke7 30. Rd1 Kd6 31. Ke3 Re8+ 32. Kf2 Re5 33. h4 g5 34. hxg5 hxg5 35. Kg3 Rxd5 36. Rh1 Rd3 37. Rh7 Rxc3 38. Rxf7 Ra3 39. Kf2 Kc5 40. Rxa7 b4 41. f4 b3 42. Rc7+ Kd4 0-1

[Event "NED-chT 1314"]
[Site "Netherlands"]
[Date "2014.05.10"]
[Round "9.8"]
[White "Bosman, Michiel"]
[Black "Van de Oudeweetering, Arthur"]
[Result "1-0"]
[WhiteElo "2327"]
[BlackElo "2304"]
[PlyCount "109"]
[EventDate "2013.09.21"]
[EventType "team-tourn"]
[EventRounds "9"]
[EventCountry "NED"]
[SourceTitle "EXT 2015"]
[Source "ChessBase"]
[SourceDate "2014.11.20"]
[SourceVersion "1"]
[SourceVersionDate "2014.11.20"]
[SourceQuality "1"]
[WhiteTeam "Leiden LSG"]
[BlackTeam "Apeldoorn"]
[WhiteTeamCountry "NED"]
[BlackTeamCountry "NED"]

1. Nf3 d5 2. b3 Bg4 3. e3 Nd7 4. h3 Bxf3 5. Qxf3 Ngf6 6. Bb2 e5 7. d3 Bb4+ 8. Nd2 0-0 9. a3 e4 10. Qd1 Be7 11. Be2 a5 12. 0-0 a4 13. b4 c5 14. bxc5 exd3 15. cxd3 Nxc5 16. Bc3 Bd6 17. Rb1 Qe7 18. Bb4 Rfc8 19. Re1 Rc7 20. Bf1 Ne6 21. Nf3 Bxb4 22. Rxb4 Rc3 23. Qa1 Qc7 24. Reb1 Nd8 25. Nd4 Rc5 26. Be2 Qd7 27. Bd1 h6 28. Qb2 Ra7 29. Nb5 Ra5 30. Nc3 Qc8 31. Nxa4 Rc6 32. Nb6 Qf5 33. Rb3 Ne6 34. d4 Ne4 35. Bg4 Qg5 36. Nd7 f5 37. Bf3 Nd8 38. Ne5 Rc8 39. Rc1 Raa8 40. g3 Qe7 41. Kg2 Kh7 42. h4 Rxc1 43. Qxc1 Nf7 44. Nxf7 Qxf7 45. Rb5 Rd8 46. Rb6 Rd7 47. Qb2 g5 48. hxg5 hxg5 49. Qb1 g4 50. Qh1+ Kg8 51. Bd1 Rd6 52. Rxd6 Nxd6 53. Qh6 Ne4 54. Bc2 b5 55. Bd3 1-0

[Event "NED-chT 1314"]
[Site "Netherlands"]
[Date "2013.09.21"]
[Round "1.8"]
[White "Van de Oudeweetering, Arthur"]
[Black "De Groote, Jesper"]
[Result "1-0"]
[WhiteElo "2304"]
[BlackElo "2131"]
[PlyCount "45"]
[EventDate "2013.09.21"]
[EventType "team-tourn"]
[EventRounds "9"]
[EventCountry "NED"]
[SourceTitle "EXT 2015"]
[Source "ChessBase"]
[SourceDate "2014.11.20"]
[SourceVersion "1"]
[SourceVersionDate "2014.11.20"]
[SourceQuality "1"]
[WhiteTeam "Apeldoorn"]
[BlackTeam "BSG"]
[WhiteTeamCountry "NED"]
[BlackTeamCountry "NED"]

1. e4 e5 2. Nf3 Nc6 3. Bb5 a6 4. Bxc6 dxc6 5. Nc3 Qf6 6. d4 exd4 7. Bg5 Qg6 8. Qxd4 Bd6 9. 0-0-0 Be6 10. h4 h5 11. Rhe1 Ne7 12. Ne5 Qh7 13. Nc4 Bxc4 14. Qxc4 f6 15. e5 fxe5 16. Qe6 g6 17. Ne4 Rf8 18. Nxd6+ cxd6 19. Rxd6 Rf7 20. Rd7 Kf8 21. Qd6 Re8 22. Rxe5 Qg7 23. Rxb7 1-0

[Event "NED-chT 1213"]
[Site "Netherlands"]
[Date "2013.02.16"]
[Round "6.10"]
[White "Van de Oudeweetering, Arthur"]
[Black "Riemens, Michael"]
[Result "1/2-1/2"]
[WhiteElo "2312"]
[BlackElo "2275"]
[PlyCount "82"]
[EventDate "2012.09.15"]
[EventType "team-tourn"]
[EventRounds "9"]
[EventCountry "NED"]
[SourceTitle "EXT 2014"]
[Source "ChessBase"]
[SourceDate "2013.11.20"]
[SourceVersion "1"]
[SourceVersionDate "2013.11.20"]
[SourceQuality "1"]
[WhiteTeam "Apeldoorn"]
[BlackTeam "Groningen"]
[WhiteTeamCountry "NED"]
[BlackTeamCountry "NED"]

1. e4 c5 2. c3 d5 3. exd5 Qxd5 4. d4 Nf6 5. Nf3 cxd4 6. cxd4 g6 7. Nc3 Qd8 8. Bc4 Bg7 9. Qa4+ Bd7 10. Bxf7+ Kxf7 11. Ne5+ Kf8 12. Qb3 Be8 13. Qxb7 Qxd4 14. Qxa8 Qxe5+ 15. Be3 Nc6 16. 0-0 Ng4 17. g3 Qh5 18. h4 h6 19. Rad1 g5 20. Nd5 Be5 21. f4 Nxe3 22. Nxe3 gxf4 23. Ng2 Kg7 24. Rd5 Bd4+ 25. Rxd4 Nxd4 26. Qxa7 Ne2+ 27. Kf2 fxg3+ 28. Ke1 Qe5 29. Ne3 Nd4 30. Qxd4 Qxd4 31. Nf5+ Kg6 32. Nxd4 Kh5 33. Rg1 Rg8 34. Nf5 g2 35. Ne3 Bc6 36. Kf2 Rf8+ 37. Ke2 Kxh4 38. Nxg2+ Kh3 39. Ne3 Bb5+ 40. Kd2 Rf2+ 41. Kc3 Rf3 1/2-1/2

[Event "NED-chT 1213"]
[Site "Netherlands"]
[Date "2012.10.06"]
[Round "2.9"]
[White "Wantola, Ivo"]
[Black "Van de Oudeweetering, Arthur"]
[Result "1/2-1/2"]
[WhiteElo "2330"]
[BlackElo "2312"]
[PlyCount "39"]
[EventDate "2012.09.15"]
[EventType "team-tourn"]
[EventRounds "9"]
[EventCountry "NED"]
[SourceTitle "CBM 151 Extra"]
[Source "ChessBase"]
[SourceDate "2012.12.18"]
[SourceVersion "1"]
[SourceVersionDate "2012.12.18"]
[SourceQuality "1"]
[WhiteTeam "Voerendaal"]
[BlackTeam "Apeldoorn"]
[WhiteTeamCountry "NED"]
[BlackTeamCountry "NED"]

1. Nf3 d5 2. d4 Nf6 3. c4 c6 4. Nc3 e6 5. e3 Nbd7 6. Qc2 Bd6 7. Be2 0-0 8. 0-0 dxc4 9. Bxc4 b5 10. Be2 Re8 11. a4 b4 12. Ne4 Nxe4 13. Qxe4 Bb7 14. Bd2 Rb8 15. Rac1 c5 16. Qg4 Nf6 17. Qh4 Ne4 18. Qxd8 Rexd8 19. Rfd1 cxd4 20. Nxd4 1/2-1/2

[Event "NED-chT 1112"]
[Site "Netherlands"]
[Date "2012.03.31"]
[Round "8.9"]
[White "Van de Oudeweetering, Arthur"]
[Black "Nabuurs, Mart"]
[Result "0-1"]
[WhiteElo "2338"]
[BlackElo "2189"]
[PlyCount "74"]
[EventDate "2011.09.17"]
[EventType "team-tourn"]
[EventRounds "9"]
[EventCountry "NED"]
[SourceTitle "EXT 2013"]
[Source "ChessBase"]
[SourceDate "2012.11.22"]
[SourceVersion "1"]
[SourceVersionDate "2012.11.22"]
[SourceQuality "1"]
[WhiteTeam "Apeldoorn"]
[BlackTeam "De Stukkenjagers"]
[WhiteTeamCountry "NED"]
[BlackTeamCountry "NED"]

1. e4 c5 2. c3 Nf6 3. e5 Nd5 4. d4 cxd4 5. Nf3 Nc6 6. Bc4 Nb6 7. Bb3 d5 8. exd6 Qxd6 9. 0-0 Be6 10. Bxe6 Qxe6 11. Nxd4 Qd5 12. Be3 Nc4 13. Nd2 Nxe3 14. fxe3 e5 15. Nxc6 bxc6 16. Qe2 Be7 17. Nc4 0-0 18. Rad1 Qe6 19. e4 Rad8 20. b3 Bc5+ 21. Kh1 g6 22. g3 Rxd1 23. Rxd1 f5 24. b4 Be7 25. exf5 Rxf5 26. Ne3 Rf8 27. Qc4 Qxc4 28. Nxc4 Rf3 29. Rc1 Bf6 30. Nd2 Re3 31. Rf1 Bg7 32. Nf3 e4 33. Ng5 h6 34. Ne6 Rxc3 35. Rd1 Rd3 36. Rc1 e3 37. Nxg7 e2 0-1

[Event "NED-chT 1112"]
[Site "Netherlands"]
[Date "2011.12.17"]
[Round "4.8"]
[White "Bus, Tom"]
[Black "Van de Oudeweetering, Arthur"]
[Result "1-0"]
[WhiteElo "2186"]
[BlackElo "2338"]
[PlyCount "83"]
[EventDate "2011.09.17"]
[EventType "team-tourn"]
[EventRounds "9"]
[EventCountry "NED"]
[SourceTitle "EXT 2013"]
[Source "ChessBase"]
[SourceDate "2012.11.22"]
[SourceVersion "1"]
[SourceVersionDate "2012.11.22"]
[SourceQuality "1"]
[WhiteTeam "Voerendaal"]
[BlackTeam "Apeldoorn"]
[WhiteTeamCountry "NED"]
[BlackTeamCountry "NED"]

1. c4 c6 2. g3 d5 3. Nf3 Bg4 4. Bg2 e6 5. 0-0 Nd7 6. cxd5 exd5 7. Nc3 Ngf6 8. d3 Be7 9. Qc2 0-0 10. h3 Bxf3 11. Bxf3 d4 12. Ne4 a5 13. Nxf6+ Bxf6 14. Bd2 Re8 15. Rfe1 Re5 16. Rac1 Qb6 17. b3 Rc5 18. Qb1 Rb5 19. Qc2 Rc5 20. Qb1 Rb5 21. Qc2 Bg5 22. Bxg5 Rxg5 23. Qd2 Rb5 24. Qf4 Ne5 25. Be4 a4 26. Qh4 Ng6 27. Bxg6 hxg6 28. Rc4 axb3 29. axb3 Rd8 30. Rb1 Rdd5 31. Ra1 g5 32. Qe4 Rd8 33. Raa4 c5 34. Qe7 g4 35. hxg4 Rxb3 36. Rxc5 Rb1+ 37. Kg2 Rf8 38. Rxd4 Qh6 39. Qh4 Qe6 40. Re4 Qg6 41. Rh5 f5 42. Rh8+ 1-0

[Event "NED-chT 1112"]
[Site "Netherlands"]
[Date "2011.09.17"]
[Round "1.5"]
[White "Michielsen, Joost"]
[Black "Van de Oudeweetering, Arthur"]
[Result "1-0"]
[WhiteElo "2317"]
[BlackElo "2338"]
[PlyCount "79"]
[EventDate "2011.09.17"]
[EventType "team-tourn"]
[EventRounds "9"]
[EventCountry "NED"]
[SourceTitle "CBM 144 Extra"]
[Source "ChessBase"]
[SourceDate "2011.10.28"]
[SourceVersion "1"]
[SourceVersionDate "2011.10.28"]
[SourceQuality "1"]
[WhiteTeam "Utrecht"]
[BlackTeam "Apeldoorn"]
[WhiteTeamCountry "NED"]
[BlackTeamCountry "NED"]

1. e4 e5 2. Nf3 Nc6 3. Bb5 a6 4. Ba4 Nf6 5. 0-0 b5 6. Bb3 Bb7 7. d3 Be7 8. Re1 0-0 9. Nbd2 Re8 10. Nf1 h6 11. Ne3 Bf8 12. a3 Na5 13. Ba2 c5 14. c3 c4 15. dxc4 bxc4 16. Nxc4 Nxc4 17. Bxc4 Qc7 18. Nd2 Rad8 19. Qe2 Qc6 20. b4 d5 21. b5 Qc7 22. bxa6 Ba8 23. Bb5 Re6 24. c4 dxe4 25. Nb3 Nh7 26. Bd2 Qc8 27. c5 Rg6 28. Be3 Qh3 29. g3 Ng5 30. Bxg5 hxg5 31. Qf1 Qh5 32. c6 f5 33. Qc4+ Kh7 34. Qf7 Rd3 35. Bc4 g4 36. c7 e3 37. Qg8+ Kh6 38. Qh8+ Kg5 39. Qxh5+ Kxh5 40. c8Q 1-0

[Event "NED-chT 1011"]
[Site "Netherlands"]
[Date "2011.04.09"]
[Round "8.8"]
[White "Bus, Tom"]
[Black "Van de Oudeweetering, Arthur"]
[Result "0-1"]
[WhiteElo "2192"]
[BlackElo "2332"]
[PlyCount "60"]
[EventDate "2010.09.25"]
[EventType "team"]
[EventRounds "9"]
[EventCountry "NED"]
[SourceTitle "EXT 2012"]
[Source "ChessBase"]
[SourceDate "2011.11.24"]
[SourceVersion "1"]
[SourceVersionDate "2011.11.24"]
[SourceQuality "1"]
[WhiteTeam "Voerendaal"]
[BlackTeam "Homburg Apeldoorn"]
[WhiteTeamCountry "NED"]
[BlackTeamCountry "NED"]

1. c4 c6 2. g3 d5 3. Nf3 Bg4 4. Bg2 e6 5. 0-0 Nd7 6. d3 Ngf6 7. cxd5 exd5 8. Nc3 Be7 9. Qc2 0-0 10. h3 Bxf3 11. Bxf3 Re8 12. Bg2 d4 13. Ne4 Nxe4 14. Bxe4 Bf6 15. Bd2 Nb6 16. Rac1 Qd7 17. Kg2 Rad8 18. Rfe1 h5 19. a4 Nd5 20. Qc4 h4 21. g4 Be5 22. Bxd5 cxd5 23. Qb5 Qe7 24. Qc5 Qe6 25. f4 b6 26. Qb4 Bf6 27. e3 dxe3 28. Rxe3 Qd7 29. Qb5 Rxe3 30. Qxd7 Rg3+ 0-1

[Event "NED-chT 0910"]
[Site "Netherlands"]
[Date "2010.03.06"]
[Round "7.10"]
[White "Koopmans, Cees"]
[Black "Van de Oudeweetering, Arthur"]
[Result "1/2-1/2"]
[WhiteElo "2121"]
[BlackElo "2337"]
[PlyCount "46"]
[EventDate "2009.09.26"]
[EventType "team"]
[EventRounds "9"]
[EventCountry "NED"]
[SourceTitle "EXT 2011"]
[Source "ChessBase"]
[SourceDate "2010.11.26"]
[SourceVersion "1"]
[SourceVersionDate "2010.11.26"]
[SourceQuality "1"]
[WhiteTeam "Nijmegen"]
[BlackTeam "Homburg Apeldoorn"]
[WhiteTeamCountry "NED"]
[BlackTeamCountry "NED"]

1. d4 d5 2. Nf3 Nf6 3. c4 c6 4. Nc3 e6 5. e3 Nbd7 6. Bd3 dxc4 7. Bxc4 b5 8. Bd3 a6 9. a4 b4 10. Ne4 c5 11. 0-0 Bb7 12. Nxf6+ Nxf6 13. Qe2 cxd4 14. exd4 Qd5 15. Bf4 Qh5 16. Rac1 Be7 17. Ne5 Qxe2 18. Bxe2 Bd6 19. Bg3 0-0 20. Nc6 Bxg3 21. hxg3 Bxc6 22. Rxc6 a5 23. Bf3 Rfd8 1/2-1/2

[Event "NED-chT 0910"]
[Site "Netherlands"]
[Date "2009.12.12"]
[Round "4.8"]
[White "Vandevoort, Pascal"]
[Black "Van de Oudeweetering, Arthur"]
[Result "1-0"]
[WhiteElo "2357"]
[BlackElo "2337"]
[PlyCount "71"]
[EventDate "2009.09.26"]
[EventType "team"]
[EventRounds "9"]
[EventCountry "NED"]
[SourceTitle "EXT 2011"]
[Source "ChessBase"]
[SourceDate "2010.11.26"]
[SourceVersion "1"]
[SourceVersionDate "2010.11.26"]
[SourceQuality "1"]
[WhiteTeam "Rotterdam Schrijvers"]
[BlackTeam "Homburg Apeldoorn"]
[WhiteTeamCountry "NED"]
[BlackTeamCountry "NED"]

1. d4 d5 2. c4 c6 3. Nc3 Nf6 4. Nf3 e6 5. e3 Nbd7 6. Bd3 dxc4 7. Bxc4 b5 8. Bd3 a6 9. e4 c5 10. e5 cxd4 11. Nxb5 axb5 12. exf6 gxf6 13. 0-0 Qb6 14. Qe2 b4 15. Bf4 h5 16. Rfc1 Bc5 17. Nd2 e5 18. Bf5 Kf8 19. Ne4 Be7 20. Bd2 Nc5 21. Bxc8 Rxc8 22. Rc4 Rd8 23. Rxb4 Qe6 24. Nxc5 Bxc5 25. Rb5 d3 26. Qe4 Bd4 27. Ba5 Rd7 28. Rc1 f5 29. Qh4 Kg7 30. Kf1 Qh6 31. Rd1 e4 32. Rxf5 Re8 33. Rxh5 Qf6 34. Rg5+ Kf8 35. Bb4+ Ree7 36. Qg3 1-0

[Event "NED-chT 0910"]
[Site "Netherlands"]
[Date "2009.10.31"]
[Round "2.8"]
[White "Goormachtigh, Johan"]
[Black "Van de Oudeweetering, Arthur"]
[Result "1/2-1/2"]
[WhiteElo "2230"]
[BlackElo "2336"]
[PlyCount "88"]
[EventDate "2009.09.26"]
[EventType "team"]
[EventRounds "9"]
[EventCountry "NED"]
[SourceTitle "EXT 2010"]
[Source "ChessBase"]
[SourceDate "2010.11.25"]
[SourceVersion "1"]
[SourceVersionDate "2010.11.25"]
[SourceQuality "1"]
[WhiteTeam "Sas van Gent"]
[BlackTeam "Homburg Apeldoorn"]
[WhiteTeamCountry "NED"]
[BlackTeamCountry "NED"]

1. d4 d5 2. c4 c6 3. Nf3 Nf6 4. Nc3 e6 5. e3 Nbd7 6. Bd3 dxc4 7. Bxc4 b5 8. Bd3 a6 9. e4 c5 10. d5 Qc7 11. dxe6 fxe6 12. 0-0 Bb7 13. Qe2 c4 14. Bc2 Bd6 15. g3 0-0 16. Nd4 Rae8 17. a3 Bc5 18. Be3 Ne5 19. b4 Bb6 20. Rac1 Nfg4 21. Kg2 Qf7 22. h3 Nxe3+ 23. fxe3 Qg6 24. Rxf8+ Rxf8 25. Rf1 Rxf1 26. Qxf1 Nc6 27. Qf4 e5 28. Nxc6 Bxc6 29. Qxe5 Bxe3 30. Nd5 Bxd5 31. Qxd5+ Qf7 32. Qd8+ Qf8 33. Qd5+ Kh8 34. Qf5 Qxf5 35. exf5 Bc1 36. a4 Bd2 37. axb5 axb5 38. Kf3 Bxb4 39. Ke4 Bd6 40. g4 Bg3 41. Kd4 Bf2+ 42. Kd5 Kg8 43. Bd1 Kf7 44. Kc6 Kf6 1/2-1/2